Famous People with Welsh Names - Statistics

General Stats
  • This quiz has been taken 30 times
  • The average score is 7 of 15
Answer Stats
Hint Answer % Correct
Notable American actor who starred in "The Shawshank Redemption" {Morgan} Freeman
90%
American actor known for her role as Mikaela Banes in Transformers {Megan} Fox
72%
Influential Welsh poet who died aged 39 in 1953 {Dylan} Thomas
69%
American actor who won an Oscar for "Shakespeare in Love" {Gwyneth} Paltrow
69%
Welsh footballer who played for Tottenham Hotspur and Real Madrid {Gareth} Bale
62%
Legendary American singer known as the "Empress of Soul" {Gladys} Knight
62%
English writer of books for children, including the Famous Five series {Enid} Blyton
55%
The voice of Lightning McQueen in the Cars movies {Owen} Wilson
48%
Welsh actor who played Spike in "Notting Hill" {Rhys} Ifans
48%
American actor, the father of Jeff and Beau Bridges {Lloyd} Bridges
45%
South African comedian who hosted "The Daily Show" from 2015-2022 {Trevor} Noah
45%
Welsh comedian who hosted the BBC show "Work Experience" {Rhodri "Rhod"} Gilbert
24%
Multiple Grammy Award-winning Welsh opera singer {Bryn} Terfel
21%
Daughter of Michael Douglas and Catherine Zeta-Jones {Carys} Zeta Douglas
14%
Kenyan-born opening batsman and spin bowler who played for Surrey {Seren} Waters
3%
No matching quizzes found
Score Distribution
Percent of People with Each Score
Percentile by Number Answered
Your Score History
You have not taken this quiz